Questions and answers : public law (Record no. 84901)

MARC details
000 -LEADER
fixed length control field 00846 a2200277 4500
003 - CONTROL NUMBER IDENTIFIER
control field CBULib
005 - DATE AND TIME OF LATEST TRANSACTION
control field 20240520122956.0
008 - FIXED-LENGTH DATA ELEMENTS--GENERAL INFORMATION
fixed length control field 240418b |||||||| |||| 00| 0 eng d
020 ## - INTERNATIONAL STANDARD BOOK NUMBER
International Standard Book Number 9780198715733
040 ## - CATALOGING SOURCE
Language of cataloging English
Transcribing agency CBULib
Description conventions rda
041 ## - LANGUAGE CODE
Language code of text/sound track or separate title eng
050 ## - LIBRARY OF CONGRESS CALL NUMBER
Classification number KD 21 Cle
100 ## - MAIN ENTRY--PERSONAL NAME
Personal name Clements, Richard
245 ## - TITLE STATEMENT
Title Questions and answers : public law
Statement of responsibility, etc / by Richard Clements
250 ## - EDITION STATEMENT
Edition statement Eighth edition
260 ## - PUBLICATION, DISTRIBUTION, ETC. (IMPRINT)
Name of publisher, distributor, etc Oxford University Press,
Date of publication, distribution, etc 2015
Place of publication, distribution, etc Oxford :
300 ## - PHYSICAL DESCRIPTION
Extent xix, 222 pages
336 ## - CONTENT TYPE
Source rdacontent
Content type term Text |
Content type code txt
337 ## - MEDIA TYPE
Source rdamedia
Media type term Unmediated |
Media type code n
338 ## - CARRIER TYPE
Source rdacarrier
Carrier type term Volume
Carrier type code nc
650 #0 - SUBJECT ADDED ENTRY--TOPICAL TERM
9 (RLIN) 1566
Topical term or geographic name as entry element ADMINISTRATIVE LAW
650 #0 - SUBJECT ADDED ENTRY--TOPICAL TERM
9 (RLIN) 2923
Topical term or geographic name as entry element ADMINISTRATIVE LAW--GREAT BRITAIN--EXAMINATIONS, QUESTIONS, ETC
650 #0 - SUBJECT ADDED ENTRY--TOPICAL TERM
9 (RLIN) 42
Topical term or geographic name as entry element GREAT BRITAIN
650 #0 - SUBJECT ADDED ENTRY--TOPICAL TERM
9 (RLIN) 1569
Topical term or geographic name as entry element CONSTITUTIONAL LAW
942 ## - ADDED ENTRY ELEMENTS (KOHA)
Source of classification or shelving scheme
Koha item type MONOGRAPH
Holdings
Withdrawn status Lost status Source of classification or shelving scheme Damaged status Not for loan Collection code Permanent Location Current Location Shelving location Date acquired Source of acquisition Cost, normal purchase price Total Checkouts Full call number Barcode Date last seen Copy number Price effective from Koha item type
          Main Library Open Access Collection CBU-MAIN LIBRARY, KITWE. CBU-MAIN LIBRARY, KITWE. General Stacks 04/18/2024 DON-BOOKAID 34.44   KD 21 Cle 752598 04/18/2024 1 04/18/2024 MONOGRAPH